书目信息 |
| 题名: |
变频器的应用与维护
|
|
| 作者: | 冯垛生 , 张淼 编著 | |
| 分册: | ||
| 出版信息: | 广州 华南理工大学出版社 2001.09 |
|
| 页数: | 293页 | |
| 开本: | 26cm | |
| 丛书名: | ||
| 单 册: | ||
| 中图分类: | TN773 | |
| 科图分类: | ||
| 主题词: | 倍频器 , 分频器 , 变频器 | |
| 电子资源: | ||
| ISBN: | 7-5623-1716-X | |
| 000 | 00657nam0 2200229 45 | |
| 001 | 0211190991 | |
| 005 | 20021119094015.8 | |
| 010 | @a7-5623-1716-X@d29.50元 | |
| 100 | @a20021119d2001 km y0chiy0120 ea | |
| 101 | 0 | @achi |
| 105 | @a z 000yy | |
| 200 | 1 | @a变频器的应用与维护@ABian Pin Qi De Ying Yong Yu Wei Hu@f冯垛生,张淼编著@FFeng Duo Sheng,Zhang Miao Bian Zhu |
| 210 | @a广州@c华南理工大学出版社@d2001.09 | |
| 215 | @a293页@d26cm | |
| 606 | 0 | @a倍频器 |
| 606 | 0 | @a分频器 |
| 606 | 0 | @a变频器 |
| 690 | @aTN773@v3 | |
| 701 | 0 | @a冯垛生@4编著 |
| 701 | 0 | @a张淼@4编著 |
| 801 | @aCN@bPftUser@c20021119 | |
| 905 | @aBZT@b343111-113@dTN773@e1@f2 | |
| 变频器的应用与维护/冯垛生,张淼编著.-广州:华南理工大学出版社,2001.09 |
| 293页;26cm |
| ISBN 7-5623-1716-X:29.50元 |
| ● |
| 相关链接 |
|
|
|
正题名:变频器的应用与维护
索取号:TN773/1
 
预约/预借
| 序号 | 登录号 | 条形码 | 馆藏地/架位号 | 状态 | 备注 |
| 1 | 343112 | 201389577 | 中心书库中库/ 中库029架A面9列2层63/ [索取号:TN773/1] | 在馆 | |
| 2 | 343113 | 201389568 | 中心书库中库/ 中库029架A面9列2层64/ [索取号:TN773/1] | 在馆 |